000 02800 a2200229 4500
001 25867
005 20260407155542.0
008 260407a1985 arg spa d
003 AR-UNSa-BCEJYS
040 _aAR-UNSa-BCEJYS
_bspa
_cAR-UNSa-BCEJYS
080 _a330
_xEconomía en general
245 1 0 _aEconomía
020 _a968-451-772-6
264 1 _aMéxico :
_bMcGraw-Hill
_c1985
300 _axxix, 1050 p.
_c23 cm.
505 _aParte I : Introducción : 1. Introducción a la teoría económica y a los problemas económicos - 2. Los instrumentos que utilizan los economistas - 3. La demanda, la oferta y el mercado - Parte II : Microeconomía : 4. La curva de demanda : ajustes a las variaciones de los precios y la renta - 5. La demanda : temas especiales - 6. La empresa : los costos y la producción - 7. La producción, los costos y las decisiones de producción de la empresa - 8. La estructura del mercado y los mercados competitivos - 9. Monopolio y competencia imperfecta - 10. El oligopolio y la competencia monopolistica - 11. Lucha contra los monopolios y regulación de los monopolios naturales - 12. El interes público, las externalidades y la regulación - 13. Los mercados de factores y la demanda derivada : El trabajo - 14. El capital humano, la discriminación y los sindicatos - 15. El capital y la tierra - 16. Ejemplos de economía aplicada - 17. El estado y la asignación de los recursos - 18. La economía urbana y los problemas de las ciudades - 19. La incertidumbre en la vida económica - 20. Equilibrio general y economía del bienestar - Parte III : Macreconomía : 21. Introducción a la macreconomía - 22. La contabilidad nacional - 23. El ciclo económico, la producción y la demanda agregada - 24. El presupuesto, la política fiscal y la demanda agregada - 25. El dinero y la banca - 26. El banco central y el sistema monetario - 27. El dinero, la inversión y la economía - 28. La producción de pleno empleo y el nivel de precios - 29. La oferta agregada, el nivel de precios y el desempleo - 30. El desempleo - 31. El problema de la inflación - 32. El dinero, los deficit y la inflación - 33. El crecimiento y la inversión - Parte IV : La economía mundial : 34. El comercio internacional y la balanza de pagos - 35. Ganancias derivadas del comercio y problemas comerciales - 36. La teoría económica de los tipos de cambio y las finanzas internacionales - Parte V : Los grandes temas : 37. Problemas de los paises en vias de desarrollo en la economía mundial - 38. La distribución de la renta y la pobreza en Estados Unidos - 39. Enfoques y sistemas económicos alternativos.
942 _cBK
590 _aniveau_biblio:m niveau_hierar:0
100 1 _aToharia Cortés, Luis
700 1 _aDornbusch, Rudiger
700 1 _aFischer, Stanley
999 _c1424
_d1424